<?xml version="1.0" encoding="UTF-8"?>
<record
    xmlns:xsi="http://www.w3.org/2001/XMLSchema-instance"
    xsi:schemaLocation="http://www.loc.gov/MARC21/slim http://www.loc.gov/standards/marcxml/schema/MARC21slim.xsd"
    xmlns="http://www.loc.gov/MARC21/slim">

  <leader>02341cam a2200313 a 4500</leader>
  <controlfield tag="001">78888</controlfield>
  <controlfield tag="003">BD-RjUL</controlfield>
  <controlfield tag="005">20211209083203.0</controlfield>
  <controlfield tag="008">211124s1965    ua ||||| |||| 00| 0bara d</controlfield>
  <datafield tag="035" ind1=" " ind2=" ">
    <subfield code="a">BD-RjUL)</subfield>
  </datafield>
  <datafield tag="040" ind1=" " ind2=" ">
    <subfield code="a">DLC-R</subfield>
    <subfield code="c">DLC</subfield>
    <subfield code="b">eng</subfield>
  </datafield>
  <datafield tag="041" ind1=" " ind2=" ">
    <subfield code="a">ara</subfield>
  </datafield>
  <datafield tag="082" ind1=" " ind2=" ">
    <subfield code="2">23</subfield>
    <subfield code="a">297.64</subfield>
    <subfield code="b">AKF 1965</subfield>
  </datafield>
  <datafield tag="100" ind1="1" ind2=" ">
    <subfield code="a">Akkad Abbas Mahmoud ;; &#x627;&#x644;&#x639;&#x642;&#x627;&#x62F;, &#x639;&#x628;&#x627;&#x633; &#x645;&#x62D;&#x645;&#x648;&#x62F;</subfield>
    <subfield code="9">250543</subfield>
  </datafield>
  <datafield tag="245" ind1="1" ind2="3">
    <subfield code="a">&#x641;&#x627;&#x637;&#x645;&#x629; &#x627;&#x644;&#x632;&#x647;&#x631;&#x627;&#x621; &#x648;&#x627;&#x644;&#x641;&#x627;&#x637;&#x645;&#x64A;&#x648;&#x646; ;; F&#x101;&#x1E6D;imah al-Zahr&#x101;&#x2BC;  walfatimiuwn /</subfield>
    <subfield code="c">&#x639;&#x628;&#x627;&#x633; &#x645;&#x62D;&#x645;&#x648;&#x62F; &#x627;&#x644;&#x639;&#x642;&#x627;&#x62F; ;;  Abbas Mahmoud Al-Akkad </subfield>
  </datafield>
  <datafield tag="260" ind1=" " ind2=" ">
    <subfield code="a">Qaera :</subfield>
    <subfield code="b">Dar al Helal, </subfield>
    <subfield code="c">1965</subfield>
  </datafield>
  <datafield tag="300" ind1=" " ind2=" ">
    <subfield code="a"> v. ;</subfield>
    <subfield code="c">25 cm.</subfield>
  </datafield>
  <datafield tag="500" ind1=" " ind2=" ">
    <subfield code="a">"Tan&#x1E93;&#x12B;m maw&#x1E0D;&#x16B;&#x2BF;&#x12B; li-k&#x101;ffat al-a&#x1E25;&#x101;d&#x12B;th wa-al-nu&#x1E63;&#x16B;&#x1E63; f&#x12B; s&#x12B;rat wa-Sayyidat al-Nis&#x101;&#x2BC; wa-mak&#x101;natih&#x101; ma&#x2BF;a al-ma&#x1E63;&#x101;dir wa-al-as&#x101;n&#x12B;d."</subfield>
  </datafield>
  <datafield tag="504" ind1=" " ind2=" ">
    <subfield code="a">Includes bibliographical references (v. 25, p. [388]-499) and indexes.</subfield>
  </datafield>
  <datafield tag="505" ind1="0" ind2=" ">
    <subfield code="a">al-mujallad 1. Khalaqah&#x101; qabla h&#x101;dh&#x101; al-&#x2BF;&#x101;lam -- al-mujallad 2. Min wil&#x101;datih&#x101; il&#xE1; zaw&#x101;jih&#x101; -- al-mujallad 3-4. Zaw&#x101;juh&#x101; -- al-mujallad 5. Wil&#x101;dat awl&#x101;dih&#x101; -- al-mujallad 6-7. Awl&#x101;duh&#x101; -- al-mujallad 8. A&#x1E25;w&#x101;luh&#x101; ma&#x2BF;a al-Nab&#x12B; al-A&#x2BF;&#x1E93;am -- al-mujallad 9. Ma&#x2BF;a ab&#x12B;h&#x101; wa-al-a&#x1E63;&#x1E25;&#x101;b -- al-mujallad 10-11. Ba&#x2BF;da waf&#x101;t ab&#x12B;h&#x101; il&#xE1; shah&#x101;datih&#x101; -- al-mujallad 12. Fadakuh&#x101; -- al-mujallad 13. Gha&#x1E63;b &#x1E25;aqqih&#x101; wa-khu&#x1E6D;abih&#x101; -- al-mujallad 14. Ba&#x2BF;da ab&#x12B;h&#x101; il&#xE1; shah&#x101;datuh&#x101; -- al-mujallad 15-16. Shah&#x101;datuh&#x101; -- al-mujallad 17. &#x1E24;ay&#x101;tuh&#x101; al-shakh&#x1E63;&#x12B;yah -- al-mujallad 18-19. Mukhta&#x1E63;&#x1E63;&#x101;tuh&#x101; -- al-mujallad 20. Mu&#x1E25;ibb&#x16B;h&#x101; wa-a&#x2BF;d&#x101;&#x2BC;uh&#x101; -- al-mujallad 21. Aw&#x1E63;&#x101;fuh&#x101; wa-m&#x101; yata&#x2BF;allaqu bi-h&#x101; -- al-mujallad 22. M&#x101; yata&#x2BF;allaqu bi-h&#x101; -- al-mujallad 23. al-Kutub al-mu&#x2BC;allafah &#x2BF;anh&#x101; -- al-mujallad 24. al-Zahr&#x101;&#x2BC; ba&#x2BF;da hadh&#x101; al-&#x2BF;&#x101;lam -- al-mujallad 25. al-Fah&#x101;ris.</subfield>
  </datafield>
  <datafield tag="600" ind1="0" ind2="0">
    <subfield code="a">F&#x101;&#x1E6D;imah,</subfield>
    <subfield code="d">-632 or 633</subfield>
    <subfield code="9">250544</subfield>
  </datafield>
  <datafield tag="600" ind1="0" ind2="0">
    <subfield code="a">Mu&#x1E25;ammad,</subfield>
    <subfield code="x"> Prophet </subfield>
    <subfield code="d">Family.  </subfield>
    <subfield code="y">632 -- </subfield>
    <subfield code="9">250545</subfield>
  </datafield>
  <datafield tag="600" ind1="0" ind2="0">
    <subfield code="a"> F&#x101;&#x1E6D;imah,</subfield>
    <subfield code="d">632 or 633. </subfield>
    <subfield code="9">250546</subfield>
  </datafield>
  <datafield tag="650" ind1=" " ind2="0">
    <subfield code="a">Hadith (Shiites)</subfield>
    <subfield code="v">Texts.</subfield>
    <subfield code="9">250547</subfield>
  </datafield>
  <datafield tag="880" ind1="1" ind2="2">
    <subfield code="6">245-02/(3/r</subfield>
    <subfield code="a">&#x627;&#x644;&#x645;&#x648;&#x633;&#x648;&#x639;&#x629; &#x627;&#x644;&#x643;&#x628;&#x631;&#x649; &#x639;&#x646; &#x641;&#x627;&#x637;&#x645;&#x629; &#x627;&#x644;&#x632;&#x647;&#x631;&#x627;&#x621; /</subfield>
    <subfield code="c">&#x62A;&#x623;&#x644;&#x64A;&#x641; &#x627;&#x633;&#x645;&#x627;&#x639;&#x64A;&#x644; &#x627;&#x644;&#x623;&#x646;&#x635;&#x627;&#x631;&#x64A; &#x627;&#x644;&#x632;&#x646;&#x62C;&#x627;&#x646;&#x64A; &#x627;&#x644;&#x62E;&#x648;&#x626;&#x64A;&#x646;&#x64A;.</subfield>
  </datafield>
  <datafield tag="880" ind1=" " ind2=" ">
    <subfield code="6">250-03/(3/r</subfield>
    <subfield code="a">&#x627;&#x644;&#x637;&#x628;&#x639;&#x629; 1.</subfield>
  </datafield>
  <datafield tag="880" ind1=" " ind2=" ">
    <subfield code="6">260-04/(3/r</subfield>
    <subfield code="a">&#x642;&#x645; :</subfield>
    <subfield code="b">&#x62F;&#x644;&#x64A;&#x644; &#x645;&#x627;&#x60C;</subfield>
    <subfield code="c">1428 [2008 or 2007]</subfield>
  </datafield>
  <datafield tag="942" ind1=" " ind2=" ">
    <subfield code="2">ddc</subfield>
    <subfield code="c">BK</subfield>
  </datafield>
  <datafield tag="999" ind1=" " ind2=" ">
    <subfield code="c">78888</subfield>
    <subfield code="d">78888</subfield>
  </datafield>
  <datafield tag="952" ind1=" " ind2=" ">
    <subfield code="0">0</subfield>
    <subfield code="1">0</subfield>
    <subfield code="2">ddc</subfield>
    <subfield code="4">0</subfield>
    <subfield code="7">1</subfield>
    <subfield code="8">NFIC</subfield>
    <subfield code="a">RUCL</subfield>
    <subfield code="b">RUCL</subfield>
    <subfield code="c">Reading</subfield>
    <subfield code="d">2021-11-24</subfield>
    <subfield code="e">zeitlinger</subfield>
    <subfield code="g">20.00</subfield>
    <subfield code="l">0</subfield>
    <subfield code="o">A 297.64 AKF 1965</subfield>
    <subfield code="r">2021-11-24 00:00:00</subfield>
    <subfield code="t">C-1</subfield>
    <subfield code="w">2021-11-24</subfield>
    <subfield code="y">BK</subfield>
  </datafield>
</record>
